000 00387cam a2200157ua 4500
003 OSt
008 250106b |||||||| |||| 00| 0 eng d
041 _aeng
082 _a621.381 528
_bEVA/FU
100 _aEvans, J.
_96814
245 _aFundamental principles of transistors /
250 _a1 /
260 _a :
_bLondon heywood & co. ltd ,
_c1962.
300 _a332 ; .
942 _cBK
999 _c2628
_d2628